|
|
|
|
| LEADER |
01028nam a2200277 4500 |
| 001 |
28439 |
| 003 |
BD-DhAAL |
| 005 |
20141023094404.0 |
| 008 |
141022s2010 enk 001 0 eng |
| 020 |
|
|
|a 9847002001168
|
| 040 |
|
|
|a DLC
|c DLC
|d DLC
|
| 041 |
1 |
|
|a engben
|
| 050 |
0 |
0 |
|a PK1723.G56
|b E5
|
| 082 |
0 |
0 |
|a 891/.44/14
|2 22
|
| 999 |
|
|
|c 32978
|d 32978
|
| 999 |
|
|
|c 32978
|
| 999 |
|
|
|c 32978
|
| 100 |
1 |
|
|a Tagore, Rabindranath,
|d 1861-1941.
|9 5814
|
| 245 |
1 |
0 |
|a Gitanjali :
|c Translated by Rabindranath Tagore and with an introduction. by W. B. Yeats.
|b song offerings /
|
| 260 |
|
|
|a Dhaka :
|b Friends Book Corner
|c 2010
|
| 300 |
|
|
|a xvi, 64 p. ;
|c 23 cm.
|
| 541 |
|
|
|e 28439
|
| 650 |
|
|
|a Tagore, Rabindranath,
|x Musical settings.
|y 1861-1941
|9 5815
|
| 700 |
|
|
|a Yeats, W. B.
|9 5816
|
| 942 |
|
|
|2 ddc
|c BK
|
| 952 |
|
|
|0 0
|1 0
|2 ddc
|4 0
|6 891_441400000000000_TAG
|7 0
|9 43921
|a BRACUL
|b BRACUL
|c GEN
|d 2014-10-22
|e Friends Book Corner
|l 5
|m 14
|o 891.4414 TAG
|p 3010028439
|r 2025-11-12
|s 2025-09-21
|t 1
|w 2014-10-22
|y BK
|x Transferred from BIL to BRACUL on 06/06/22
|